Category Cracker: Just For Fun Quiz Stats

 Plays Quiz Updated Mar 11, 2019

Score 0/47 Timer 07:00
11 Plays Today
Category Answer % Correct
CATEGORY 1Roman Numerals
100%
CATEGORY 1I [C]
97.5%
CATEGORY 1V [R]
96.6%
CATEGORY 1X [A]
96.4%
CATEGORY 1C [O]
96.1%
CATEGORY 1M [A]
95.9%
CATEGORY 1L [Y]
95.9%
CATEGORY 1D [L]
95.3%
CATEGORY 2Red [O]
91.7%
CATEGORY 2Blue [A]
91.7%
CATEGORY 2Green [E]
91.6%
CATEGORY 2Yellow [Y]
91.6%
CATEGORY 2Orange [G]
91.4%
CATEGORY 2Black [C]
91.3%
CATEGORY 2Brown [T]
90.3%
CATEGORY 2Violet [R]
89.4%
CATEGORY 2Original Crayola Crayon Colors
87.9%
CATEGORY 3Sporcle Categories
86.4%
CATEGORY 3Geography [I]
85.4%
CATEGORY 3History [N]
85.2%
CATEGORY 3Sports [A]
83.6%
CATEGORY 3Science [L]
83.5%
CATEGORY 3Just for Fun [O]
83.2%
CATEGORY 3Movies [D]
82.9%
Category Answer % Correct
CATEGORY 3Literature [U]
82.5%
CATEGORY 3Music [O]
82.3%
CATEGORY 3Television [R]
81.1%
CATEGORY 3Entertainment [C]
79.7%
CATEGORY 3Language [F]
79.5%
CATEGORY 3Religion [L]
79.2%
CATEGORY 3Miscellaneous [S]
78.8%
CATEGORY 3Gaming [O]
78.2%
CATEGORY 3Holiday [S]
76.5%
CATEGORY 4Coins of the US Dollar
73.6%
CATEGORY 4Dime [B]
73.4%
CATEGORY 4Penny [E]
73%
CATEGORY 4Quarter [M]
72.9%
CATEGORY 4Nickel [L]
72.9%
CATEGORY 4Dollar [J]
71.9%
CATEGORY 4Half-Dollar [U]
71%
CATEGORY 5Anagrams of AEGILNRT
69.9%
CATEGORY 5Triangle [N]
34.7%
CATEGORY 5Relating [E]
22.5%
CATEGORY 5Alerting [T]
21.1%
CATEGORY 5Altering [H]
19.8%
CATEGORY 5Integral [E]
18.7%
CATEGORY 5Tanglier [D]
17.2%

You're not logged in!

Compare scores with friends on all Sporcle quizzes.
OR
Log In

Sporcle TV

Today on Sporcle TV


Watch our educational content, quiz creation guides, and fun videos on Sporcle TV.

Show Comments

Extras

Top Quizzes Today


Score Distribution

Your Account Isn't Verified!

In order to create a playlist on Sporcle, you need to verify the email address you used during registration. Go to your Sporcle Settings to finish the process.

Report this User

Report this user for behavior that violates our Community Guidelines.

Details: